000 01946nam a22003617a 4500
001 100175
003 KnowledgeUnlatched
005 20210303105358.0
006 m o d
007 cr u||||||||||
008 210129p20112017gw o u00| u eng d
035 _a(OCoLC)979970750
037 _5BiblioBoard
245 0 0 _aLanguages From the World of the Bible
_cHolger Gzella.
020 _a9781934078631
029 1 _ahttps://library.biblioboard.com/ext/api/media/3c0f57dc-bd30-4792-8bf9-c56c4e4f4689/assets/thumbnail.jpg
040 _aScCtBLL
_cScCtBLL
506 0 _aAccess copy available to the general public.
_fUnrestricted
_2star
700 1 _aGzella, Holger
_eeditor.
264 1 _bDe Gruyter,
300 _a1 online resource (269 p.)
520 _aThe alphabetic script is part of the lasting heritage of the ancient Near East. It unites a number of newly-emerging civilizations in ancient Syria-Palestine, which together constitute the immediate background of the Hebrew Bible. Transformed by the impact of Hellenism, they also shaped the social-historical and cultural setting of the New Testament. This work presents fresh and concise yet thorough overviews of the relevant languages and their interaction. They are informed by the most recent scholarship and share a clear historical framework.
588 0 _aDescription based on print version record.
590 _aKU Select 2016 Backlist Collection
650 7 _aHistory / Ancient
_2bisacsh
650 0 _aHistory
655 0 _aElectronic books.
758 _iIs found in:
_aKnowledge Unlatched
_1https://openresearchlibrary.org/module/2774bc74-146a-484f-a7ba-ab1d6a09bbfb
856 4 0 _uhttps://openresearchlibrary.org/content/3c0f57dc-bd30-4792-8bf9-c56c4e4f4689
_zView this content on Open Research Library.
_70
999 _c34261
_d34261